000 00439nam a2200157 i 4500
001 73840
003 ES-MaACL
005 20230906171934.0
007 t|
008 040913s1973 sp ||||1| spa d
100 1 _aGómez Valiente, Justo.
_958181
245 1 0 _aEco de nadie /
_cJusto Gómez Valiente.
260 _a[S.l. :
_bs.n.,
_c1973] (
_eCádiz :
_fImp. Narvèz)
300 _a75 p. ;
_c22 cm.
852 _aES-MaACL
_jC-55456
_bR.88218
999 _c73840
_d73840